regiony ziemi - Statystyki

Ogólne statystyki
  • Ten quiz został rozwiązany 140 razy
  • Średni wynik to 10 z 15
Statystyki odpowiedzi
Zagadnienie Odpowiedź % Poprawnych
regionem w północno-wschodniej hiszpani jest: katalonia
100%
największa pustynia świata sachara leży na kontynecie? afrykańskim
86%
w brazyli znajduje się nizina amazonki
86%
alaska należy do : usa
86%
wyżna tybetańska leży w chinach
71%
Hiszpania i Portugalia znajdują się na jakim półwyspie iberyjskim
71%
bałkany leża w regionie południowej
71%
Jakucja leży w rosji
71%
półwysep skandynawski leży w następujących państwach: szwecja,norwegia,finlandia
71%
największym kontynentem ziemi jest azja
57%
największą wyspą świata jest grenlandia
57%
Nowa Fundlandia leży w państwie kanada
57%
znanym półwyspem w polsce jest półwysep helski
57%
najwysze góry świata to: himalaje
43%
największym morzem świata jest: morze środziemne
43%
Nie znaleziono quizów pasujących do podanych kryteriów
Rozkład punktacji
Procent ludzi z każdym wynikiem
Percentyl według liczby udzielonych odpowiedzi
Twoja historia wyników
Nie rozwiązałeś tego quizu